Projekt i realizacja kombinacyjnych i sekwencyjnych układów cyfrowych przełączanych prądem / (Rekord nr 153)
| 000 -ETYKIETA REKORDU | |
|---|---|
| podpole kontrolne o stałej długości | 01818naa a2200253 i 4500 |
| 001 - NUMER KONTROLNY REKORDU | |
| podpole kontrolne | 153 |
| 003 - IDENTYFIKATOR NUMERU KONTROLNEGO REKORDU | |
| podpole kontrolne | KOSZ 005 |
| 005 - DATA OSTATNIEJ MODYFIKACJI REKORDU | |
| podpole kontrolne | 20191005093907.0 |
| 008 - POLE O STAŁEJ DŁUGOŚCI - DANE KONTROLNE | |
| podpole kontrolne o stałej długości | 151207s2001 pl | | |100 ||pol |
| 040 ## - ŹRÓDŁO KATALOGOWANIA | |
| Instytucja, która utworzyła rekord | BPK |
| Instytucja, która dokonała modyfikacji | KOSZ 005/EG |
| 080 ## - UNIWERSALNA KLASYFIKACJA DZIESIĘTNA - UKD | |
| UKD | 004.2 |
| 080 ## - UNIWERSALNA KLASYFIKACJA DZIESIĘTNA - UKD | |
| UKD | 621.3.037/.049 |
| 100 1# - NAZWA OSOBOWA | |
| Nazwa osobowa | GRETKOWSKI, Dariusz. |
| Lata pracy | 1996 - . |
| Instytucja | Politechnika Koszalińska - Wydział Elektroniki, |
| Wydział | Katedra Systemów Cyfrowego Przetwarzania Sygnałów |
| 245 10 - TYTUŁ/ODPOWIEDZIALNOŚĆ | |
| Tytuł | Projekt i realizacja kombinacyjnych i sekwencyjnych układów cyfrowych przełączanych prądem / |
| Pozostałe elementy strefy tytułu i oznaczenia odpowiedzialności | Dariusz Gretkowski, Oleg Maslennikow. |
| 520 ## - UWAGA DOTYCZĄCA TREŚCI DOKUMENTU | |
| Analiza dokumentacyjna, adnotacja itp. | W pracy omawiane są zagadnienia dotyczące projektowania i realizacji wielofunkcyjnego układu scalonego zbudowanego z bramek przełączanych prądem. Zaprojektowany układ zawiera zestaw różnych przerzutników (RS, T, D i JK), rejestr przesuwny, enkoder, multiplekser, LUT (look up table) oraz 4-bitowe ALU -analog układu Am2901. Dla wszystkich zaprojektowanych schematów układu zostały przetestowane ich modele utworzone w języku VHDL. Wyprodukowany został również prototyp układu, który pozwolił zweryfikować metodę projektowania, modele symulacyjne w języku VHDL oraz "layout" struktury układu. Określone zostały także rzeczywiste parametry układu. |
| 650 #0 - HASŁO PRZEDMIOTOWE W FORMIE NAZWY OGÓLNEJ LUB JEDNOSTKOWEJ | |
| Nazwa ogólna lub geograficzna | Układy cyfrowe. |
| 650 #0 - HASŁO PRZEDMIOTOWE W FORMIE NAZWY OGÓLNEJ LUB JEDNOSTKOWEJ | |
| Nazwa ogólna lub geograficzna | VHDL. |
| 650 #0 - HASŁO PRZEDMIOTOWE W FORMIE NAZWY OGÓLNEJ LUB JEDNOSTKOWEJ | |
| Nazwa ogólna lub geograficzna | Języki programowania. |
| 655 #0 - TERMIN INDEKSOWY - OKREŚLENIE RODZAJU/FORMY DOKUMENTU | |
| Określnie rodzaju/formy dokumentu | Materiały konferencyjne. |
| 711 22 - HASŁO DODATKOWE - NAZWA IMPREZY | |
| Nazwa imprezy | RUC 2001 |
| Oznaczenie części/sekcji dzieła | (4 ; |
| Data imprezy | 2001 ; |
| Miejsce imprezy | Szczecin, Polska). |
| 773 0# - TYTUŁ DOKUMENTU MACIERZYSTEGO | |
| Wyrażenie wprowadzające | W : |
| Tytuł | Reprogramowalne Układy Cyfrowe RUC 2001 : IV Krajowa Konferencja Naukowa, Szczecin, 7-8 maja 2001 : materiały. - |
| Adres wydawniczy | Szczecin : Informa, 2001. - |
| Informacje dotyczące relacji | s. 249-256 |
| 700 1# - HASŁO DODATKOWE - NAZWA OSOBOWA | |
| Nazwa osobowa | Maslennikow, Oleg |
| Lata pracy | 1996 - 2010. |
| Instytucja | Politechnika Koszalińska - Wydział Elektroniki, |
| Wydział | Katedra Inżynierii Komputerowej |
| 942 ## - HASŁO DODATKOWE - ELEMENTY(KOHA) | |
| Typ dokumentu | Rozdział |
| Schemat klasyfikacji | Uniwersalna klasyfikacja dziesiętna |
Brak dostępnych egzemplarzy.
